Á lódáil...

TWENTIETH CENTURY DICTIONARY

Sonraí Bibleagrafaíochta
Príomhúdar: DAVIDSON,Thomas
Formáid: Printed Book
Foilsithe: LONDON W. & R. CHAMBERS, LTD. 1950
Ábhair:
LEADER 00495nam a2200205 4500
020
037
082 |a 420 030 
100 |a DAVIDSON,Thomas 
245 |a TWENTIETH CENTURY DICTIONARY  |h English 
250
260 |a LONDON  |b W. & R. CHAMBERS, LTD.  |c 1950 
300 |a 1272  |f HB 
500
590
630
650 |a LANGUAGE 
942 |c REF 
999 |c 165360  |d 165360 
952 |0 0  |1 0  |4 0  |6 420_030000000000000  |7 0  |9 178810  |a BOT  |b BOT  |l 0  |o 420 030  |p BOT408  |r 2019-10-25  |w 2019-10-25  |y REF